La educación por la danza: enfoque metodológico

Uloženo v:
Podrobná bibliografie
Hlavní autor: Ossona, Paulina (autora)
Médium: Kniha
Jazyk:španělština
Vydáno: Buenos Aires Paidós 1976
Edice:Biblioteca del educador contemporáneo, 7
Témata:
Tagy: Přidat tag
Žádné tagy, Buďte první, kdo vytvoří štítek k tomuto záznamu!

MARC

LEADER 00000nam a2200000 a 4500
001 UCY9346
003 CL-VaPUC
008 950717e19760000AG |||||||||||||||||spa|d
082 0 4 |a 792.8  |b OSS  |2 21 
100 |a Ossona, Paulina  |e autora  |9 449572 
245 1 3 |a La educación por la danza: enfoque metodológico 
300 |a 179 p 
942 |c BK 
945 |d 19950717 00:00:00  |a mfernand 
260 |a Buenos Aires  |b Paidós  |c 1976 
650 0 |a Danza  |9 328568 
650 0 |a Expresión corporal  |9 308898 
650 7 |a ESTUDIO DE LOS MOVIMIENTOS CORPORALES  |2 CL-VaPUC  |9 341443 
583 |a last modification  |c 19950717 00:00:00  |k Rodrigo Vera 
490 0 |a Biblioteca del educador contemporáneo, 7 
999 |c 236457  |d 236455 
952 |0 0  |1 0  |4 0  |6 792_800000000000000_OSS_1976  |7 0  |8 P  |9 244555  |a BIBEDU  |b BIBEDU  |c BIBEDU_PB  |d 2019-11-18  |i 1533207  |o 792.8 OSS 1976  |p 1533207  |r 2024-01-25  |w 2019-11-18  |y BK  |k EDU